Culture Générale - Série 945 - Statistiques

Statistiques générales
  • Ce quiz a été pris 127 fois
  • Le résultat moyen est 3 sur 10
Statistiques - réponses
Question Réponse % Correct
Qu'est-ce qu'un flétan ? poisson
88%
Quel est le plus vaste État des États-Unis ? Alaska
72%
Au football, dans quel stade le Paris-Saint-Germain évolue-t-il à domicile ? Parc des Princes
65%
Ce poisson osseux marin porte les noms de labre, perroquet, tanche de mer, ou d'un synonyme "d'âgée" vieille
39%
Bâti de bois ou d'osier, destiné à contenir un récipient métallque dans lequel on plaçait des braises pour chauffer le lit avant de se coucher, et dont le nom désigne un ecclésiastiquque moine
26%
Yves Boisset a réalisé en 1977 un film, dont le titre est "Un taxi ... mauve
22%
Quelle rivière arrose la ville d'Evreux ? Iton
14%
Petit mammifère d'Europe, carnivore nocturne, de la taille d'un chat dont la robe est tachetée, dont le nom commence par la lettre "g" genette
10%
Ce film est tiré du roman du même nom écrit en 1973 par Michel ... Déon
8%
Quel nom donne-t-on à un jeune maquereau (poisson) ? lisette
7%
Aucun quiz correspondant
Distribution des résultats
% des personnes avec chaque résultat
Percentile par nombre de réponses
Votre historique - résultats
Vous n’avez pas pris ce quiz